[Event "DEM U14w 2004"]
[Site "Willingen GER"]
[Date "2004.06.05"]
[Round "9"]
[White "Mader, Manuela"]
[Black "Goergen, Barbara"]
[Result "1/2-1/2"]
[Termination "normal"]
[Board "4"]
[WhiteElo "1829"]
[BlackElo "1666"]
[PlyCount "56"]
[WhiteFideId "24612928"]
[EventCountry "GER"]
[EventRounds "9"]
[EventType "swiss"]
[EventDate "2004.05.29"]

1. d4 Nf6 2. Nf3 e6 3. e3 b6 4. Bd3 Bb7 5. O-O c5 6. c3 Nc6 7. Nbd2 cxd4 8.
exd4 Be7 9. Ne4 Nxe4 10. Bxe4 O-O 11. Bc2 Bf6 12. h3 Ne7 13. Nh2 g6 14. Ng4 Bg7
15. Nh6+ Kh8 16. Qg4 Ng8 17. Nxg8 Kxg8 18. Qg3 Rc8 19. Bb3 Ba6 20. Re1 Bc4 21.
Bxc4 Rxc4 22. Bf4 b5 23. Bd6 Re8 24. Qd3 Rc6 25. Be5 a6 26. Rad1 d5 27. Bxg7
Kxg7 28. Rc1 Qe7 1/2-1/2

[Event "DEM U14w 2004"]
[Site "Willingen GER"]
[Date "2004.06.05"]
[Round "9"]
[White "Remy, Janina"]
[Black "Hoffmann, Lena"]
[Result "1-0"]
[Termination "normal"]
[Board "5"]
[WhiteElo "1504"]
[BlackElo "1589"]
[PlyCount "91"]
[WhiteFideId "24627348"]
[BlackFideId "24626597"]
[EventCountry "GER"]
[EventRounds "9"]
[EventType "swiss"]
[EventDate "2004.05.29"]

1. c4 e5 2. g3 Nf6 3. Bg2 c6 4. d4 e4 5. Nc3 d5 6. cxd5 cxd5 7. Bg5 Bb4 8. Qb3
Nc6 9. Bxf6 gxf6 10. e3 Qd6 11. h3 Be6 12. Nge2 a5 13. Nf4 a4 14. Qc2 b5 15.
O-O Bxc3 16. Qxc3 b4 17. Qc2 Ke7 18. Rfc1 Rhc8 19. Qc5 Qxc5 20. Rxc5 Kd6 21.
Rac1 Na7 22. Kf1 Rc6 23. Ke1 Rac8 24. Rxc6+ Rxc6 25. Rxc6+ Nxc6 26. Kd2 Na5 27.
Kc2 Bd7 28. Bf1 Nc6 29. a3 h6 30. h4 f5 31. Be2 f6 32. Kd2 bxa3 33. bxa3 Na7
34. Kc3 Be8 35. Bh5 Bd7 36. Bf7 Bc6 37. Be6 Nb5+ 38. Kb4 Nc7 39. Bxf5 Na6+ 40.
Ka5 Nc7 41. Bh3 Nb5 42. Kb4 Nc7 43. Bf1 Be8 44. Be2 Na8 45. Bb5 Bxb5 46. Kxb5
1-0

[Event "DEM U14w 2004"]
[Site "Willingen GER"]
[Date "2004.06.05"]
[Round "9"]
[White "Mai, Felicitas"]
[Black "Hofmann, Christine"]
[Result "0-1"]
[Termination "normal"]
[Board "6"]
[WhiteElo "1209"]
[BlackElo "1607"]
[PlyCount "94"]
[WhiteFideId "4635345"]
[EventCountry "GER"]
[EventRounds "9"]
[EventType "swiss"]
[EventDate "2004.05.29"]

1. e4 e6 2. d4 d5 3. exd5 exd5 4. Nc3 Nf6 5. Bd3 Be7 6. Nge2 O-O 7. Bg5 c6 8.
f3 Be6 9. Qd2 Nbd7 10. O-O-O b5 11. Rdg1 a5 12. g4 a4 13. Bxf6 Nxf6 14. Nf4 Bd7
15. g5 Ne8 16. g6 fxg6 17. Nh5 Rxf3 18. Bxg6 hxg6 19. Rxg6 Rf5 20. Qe2 Rg5 21.
Nf4 Rxg6 22. Nxg6 Bf6 23. Rf1 Nd6 24. h4 Nf7 25. Qf2 b4 26. Nd1 Qb6 27. Ne5
Nxe5 28. dxe5 Qxf2 29. Nxf2 Bxe5 30. Nd3 Bd6 31. Rg1 b3 32. a3 bxc2 33. Kxc2
Re8 34. Kc3 Re4 35. h5 Rh4 36. Rg6 Be7 37. Ne5 Bf6 38. Rxf6 gxf6 39. Nxd7 Kf7
40. Nb8 Rxh5 41. Nxc6 Rh8 42. Nd4 Kg6 43. b3 axb3 44. Kxb3 f5 45. Kc3 f4 46.
Nc2 Re8 47. Kd4 f3 0-1

[Event "DEM U14w 2004"]
[Site "Willingen GER"]
[Date "2004.06.05"]
[Round "9"]
[White "Zier, Verena"]
[Black "van Orsouw, Svenja"]
[Result "1/2-1/2"]
[Termination "normal"]
[Board "7"]
[WhiteElo "1605"]
[BlackElo "1484"]
[PlyCount "31"]
[WhiteFideId "24620602"]
[BlackFideId "24677124"]
[EventCountry "GER"]
[EventRounds "9"]
[EventType "swiss"]
[EventDate "2004.05.29"]

1. d4 Nf6 2. c4 d6 3. Nc3 g6 4. g3 Bg7 5. Bg2 O-O 6. Nf3 Nbd7 7. O-O Qe8 8. Re1
c5 9. d5 Nb6 10. Nd2 Rb8 11. Qc2 e5 12. b3 Bd7 13. Bb2 Qc8 14. Rac1 Bh3 15. Bh1
Ne8 16. e3 1/2-1/2

[Event "DEM U14w 2004"]
[Site "Willingen GER"]
[Date "2004.06.05"]
[Round "9"]
[White "Weber, Kristina"]
[Black "Nekrassova, Ekatherina"]
[Result "1-0"]
[Termination "normal"]
[Board "8"]
[WhiteElo "1482"]
[BlackElo "1528"]
[PlyCount "125"]
[EventCountry "GER"]
[EventRounds "9"]
[EventType "swiss"]
[EventDate "2004.05.29"]

1. d4 Nf6 2. c4 g6 3. Nc3 Bg7 4. e4 d6 5. Nf3 O-O 6. Be2 e5 7. dxe5 dxe5 8.
Qxd8 Rxd8 9. Bg5 Re8 10. Nd5 Nxd5 11. cxd5 f6 12. Be3 Bf8 13. Bc4 Bd6 14. Nd2
Kg7 15. Ke2 b6 16. Rac1 Bb7 17. Bb5 Ba6 18. Bxa6 Nxa6 19. g4 Rac8 20. h4 Bc5
21. Nf1 Bxe3 22. Kxe3 Nc5 23. b4 Nb7 24. Ng3 Nd8 25. d6 Rf8 26. d7 Rb8 27. Rxc7
Rb7 28. Rhc1 Rf7 29. Rxb7 Nxb7 30. Rc7 Nd8 31. Rxa7 Kf8 32. Ne2 Nc6 33. Rc7 Nd8
34. Nc3 Ke7 35. Nd5+ Kd6 36. Rc4 b5 37. Rc5 f5 38. gxf5 gxf5 39. f3 fxe4 40.
Kxe4 Rxd7 41. Rxb5 Nc6 42. Rb6 Ra7 43. b5 Ra4+ 44. Kf5 Kxd5 45. Rxc6 Rxh4 46.
Kg5 Ra4 47. Ra6 Rf4 48. Ra3 Rb4 49. Rb3 Ra4 50. b6 Ra8 51. Kf5 Kc6 52. b7 Rb8
53. Kxe5 Kc7 54. f4 Re8+ 55. Kf6 Kb8 56. Rb4 h5 57. Kg5 Re2 58. f5 Rxa2 59. f6
Rf2 60. Rf4 Rg2+ 61. Kxh5 Rg8 62. f7 Rf8 63. Kg6 1-0

[Event "DEM U14w 2004"]
[Site "Willingen GER"]
[Date "2004.06.05"]
[Round "9"]
[White "Dittrich, Jacqueline"]
[Black "Benzen, Marthe"]
[Result "1-0"]
[Termination "normal"]
[Board "9"]
[WhiteElo "1518"]
[BlackElo "1477"]
[PlyCount "71"]
[WhiteFideId "24666270"]
[BlackFideId "24647764"]
[EventCountry "GER"]
[EventRounds "9"]
[EventType "swiss"]
[EventDate "2004.05.29"]

1. e4 Nc6 2. d4 d5 3. Nc3 dxe4 4. d5 Nb4 5. a3 Na6 6. Nxe4 e6 7. dxe6 Qxd1+ 8.
Kxd1 Bxe6 9. Bxa6 bxa6 10. Nf3 Bg4 11. Ke2 f6 12. Be3 Kf7 13. Rhd1 Re8 14. Rd4
h6 15. Ng3 f5 16. h3 Bxf3+ 17. Kxf3 Kg6 18. Rc4 Bd6 19. Bxa7 Nf6 20. Bd4 Ne4
21. Be3 Rhf8 22. Nxe4 fxe4+ 23. Ke2 Rf5 24. Ra4 Rb5 25. b3 a5 26. Bd2 Rc5 27.
Rc1 Ree5 28. Bf4 Re6 29. Bxd6 cxd6 30. Ke3 d5 31. Kd4 Rec6 32. c4 Kf5 33. cxd5
Rxc1 34. dxc6 Rxc6 35. Rxa5+ Kf4 36. g3+ 1-0

[Event "DEM U14w 2004"]
[Site "Willingen GER"]
[Date "2004.06.05"]
[Round "9"]
[White "Vollak, Marleen"]
[Black "Weiß, Katharina"]
[Result "1/2-1/2"]
[Termination "normal"]
[Board "10"]
[WhiteElo "1569"]
[BlackElo "1567"]
[PlyCount "83"]
[WhiteFideId "24624233"]
[BlackFideId "24692859"]
[EventCountry "GER"]
[EventRounds "9"]
[EventType "swiss"]
[EventDate "2004.05.29"]

1. e4 c5 2. Nf3 d6 3. d4 cxd4 4. Nxd4 Nf6 5. Nc3 g6 6. Be3 Bg7 7. f3 O-O 8. Qd2
Nc6 9. Bc4 Bd7 10. O-O-O Rc8 11. Bb3 Ne5 12. Kb1 Nc4 13. Bxc4 Rxc4 14. g4 a6
15. h4 b5 16. h5 e6 17. hxg6 fxg6 18. Qh2 Qe7 19. Nce2 Rfc8 20. Rc1 Bh8 21. Nb3
R4c7 22. Nf4 Qg7 23. Nd3 e5 24. Nb4 Ra8 25. Na5 Be6 26. Rcd1 Rd7 27. Rd2 Qf7
28. Rhd1 Ne8 29. Qh1 Bf6 30. Nd5 Bd8 31. Nc6 Rc8 32. Nxd8 Rdxd8 33. Bg5 Bxd5
34. Rxd5 Rd7 35. R1d2 Rdc7 36. Qh4 Rc5 37. Qh3 Rxd5 38. Rxd5 Qc7 39. Qh2 Qc4
40. Qf2 Qc6 41. Qd2 Qb6 42. Qd1 1/2-1/2

[Event "DEM U14w 2004"]
[Site "Willingen GER"]
[Date "2004.06.05"]
[Round "9"]
[White "Billing, Tanja"]
[Black "Kuhn, Alena"]
[Result "1-0"]
[Termination "normal"]
[Board "11"]
[WhiteElo "1449"]
[BlackElo "1401"]
[PlyCount "49"]
[WhiteFideId "24647993"]
[EventCountry "GER"]
[EventRounds "9"]
[EventType "swiss"]
[EventDate "2004.05.29"]

1. c4 e5 2. Nc3 Nc6 3. e3 g6 4. g3 Bg7 5. Bg2 f5 6. Nge2 Nf6 7. O-O O-O 8. d4
d6 9. Rb1 a5 10. b3 Ne7 11. Ba3 Rb8 12. dxe5 Ne4 13. Nxe4 fxe4 14. exd6 cxd6
15. Qxd6 Bg4 16. Qxd8 Rfxd8 17. Nf4 Nc6 18. Nd5 Bf5 19. h3 Re8 20. g4 Bd7 21.
Rfd1 Rbd8 22. Nb6 Ne5 23. Bxe4 Nxc4 24. Bd5+ Kh8 25. Bxc4 1-0

[Event "DEM U14w 2004"]
[Site "Willingen GER"]
[Date "2004.06.05"]
[Round "9"]
[White "Stellwagen, Katja"]
[Black "Wolf, Carolin"]
[Result "1-0"]
[Termination "normal"]
[Board "12"]
[WhiteElo "1433"]
[BlackElo "1530"]
[PlyCount "47"]
[BlackFideId "24628034"]
[EventCountry "GER"]
[EventRounds "9"]
[EventType "swiss"]
[EventDate "2004.05.29"]

1. e4 d5 2. exd5 Nf6 3. d4 Nxd5 4. Be2 g6 5. Nf3 Bg7 6. c3 Nd7 7. O-O O-O 8.
Bg5 c5 9. Re1 cxd4 10. Nxd4 Qa5 11. Nb3 Qc7 12. Qxd5 Nb6 13. Qc5 Qxc5 14. Nxc5
e5 15. Nd2 h6 16. Be3 Rd8 17. Ndb3 Nd5 18. Rad1 b6 19. Bf3 bxc5 20. Rxd5 Rxd5
21. Bxd5 Rb8 22. Bxc5 a6 23. Ba7 Rb5 24. Bc6 1-0

[Event "DEM U14w 2004"]
[Site "Willingen GER"]
[Date "2004.06.05"]
[Round "9"]
[White "Ludwig, Lisa"]
[Black "Gahn, Cornelia"]
[Result "1-0"]
[Termination "normal"]
[Board "13"]
[WhiteElo "1224"]
[BlackElo "1457"]
[PlyCount "51"]
[WhiteFideId "24671444"]
[EventCountry "GER"]
[EventRounds "9"]
[EventType "swiss"]
[EventDate "2004.05.29"]

1. Nc3 d5 2. e4 dxe4 3. Nxe4 Qd5 4. Ng3 e5 5. d3 Nc6 6. Nf3 Bg4 7. Be2 O-O-O 8.
h3 Be6 9. O-O Be7 10. c4 Qd7 11. a3 Bf6 12. Rb1 Nd4 13. Nxd4 Qxd4 14. Be3 Qd6
15. b4 Qe7 16. Bxa7 b6 17. c5 Kb7 18. cxb6 cxb6 19. Bxb6 Kxb6 20. Rc1 Rc8 21.
Rb1 Nh6 22. d4 exd4 23. Qa4 Bc4 24. Qa5+ Kb7 25. Bf3+ Rc6 26. b5 1-0

[Event "DEM U14w 2004"]
[Site "Willingen GER"]
[Date "2004.06.05"]
[Round "9"]
[White "Karmann, Anna"]
[Black "Bäßler, Maike"]
[Result "1-0"]
[Termination "normal"]
[Board "14"]
[WhiteElo "1457"]
[BlackElo "884"]
[PlyCount "101"]
[WhiteFideId "24648000"]
[EventCountry "GER"]
[EventRounds "9"]
[EventType "swiss"]
[EventDate "2004.05.29"]

1. c4 e5 2. Nc3 Nf6 3. g3 d5 4. cxd5 Nxd5 5. Bg2 Be6 6. Nf3 Nc6 7. d3 Be7 8.
Bd2 Qd7 9. Qc2 Ndb4 10. Qc1 O-O-O 11. O-O Bh3 12. a3 Bxg2 13. Kxg2 Nd5 14. b4
h5 15. h4 f6 16. Qc2 Qg4 17. Rfc1 Nf4+ 18. Bxf4 exf4 19. b5 Nd4 20. Nxd4 Rxd4
21. Nd5 Qd7 22. Qxc7+ Qxc7 23. Rxc7+ Kd8 24. Rxe7 Rxd5 25. Rxb7 fxg3 26. Rb8+
Ke7 27. Rxh8 gxf2 28. Kxf2 Rf5+ 29. Ke1 Rxb5 30. Ra8 Rb7 31. d4 g5 32. hxg5
fxg5 33. Rh8 h4 34. Rh7+ Kf6 35. Rxb7 g4 36. Rh7 h3 37. Kf2 Kf5 38. Kg3 a5 39.
d5 Ke5 40. Kxg4 Kxd5 41. Kxh3 Kd4 42. e4 Kxe4 43. Rd1 Ke3 44. Re7+ Kf2 45. Rd3
a4 46. Rd2+ Kf3 47. Rd4 Kf2 48. Rd3 Kg1 49. Rd2 Kf1 50. Kg3 Kg1 51. Re1# 1-0

[Event "DEM U12/U12w 2004"]
[Site "Willingen GER"]
[Date "2004.05.30"]
[Round "1"]
[White "Mohr, Fides"]
[Black "Huschenbeth, Niclas"]
[Result "0-1"]
[Termination "normal"]
[Board "1"]
[WhiteElo "1389"]
[BlackElo "2100"]
[PlyCount "38"]
[BlackFideId "24604747"]
[EventCountry "GER"]
[EventRounds "11"]
[EventType "swiss"]
[EventDate "2004.05.29"]

1. d4 Nf6 2. Bg5 Ne4 3. Bf4 d5 4. f3 Nf6 5. Nc3 c5 6. e3 e6 7. Nb5 Na6 8. c4
cxd4 9. exd4 Bb4+ 10. Bd2 O-O 11. c5 e5 12. Bxb4 Nxb4 13. dxe5 Re8 14. f4 Qa5
15. Nc3 d4 16. a3 dxc3 17. axb4 Qxb4 18. bxc3 Qxc3+ 19. Kf2 Ng4+ 0-1

[Event "DEM U12/U12w 2004"]
[Site "Willingen GER"]
[Date "2004.05.30"]
[Round "1"]
[White "Mihok, Oliver"]
[Black "Oltzen, Samuel"]
[Result "1-0"]
[Termination "normal"]
[Board "2"]
[WhiteElo "2074"]
[BlackElo "1389"]
[PlyCount "51"]
[WhiteFideId "728012"]
[EventCountry "GER"]
[EventRounds "11"]
[EventType "swiss"]
[EventDate "2004.05.29"]

1. e4 e5 2. Nf3 Nc6 3. d4 exd4 4. Nxd4 Qh4 5. Nc3 Bb4 6. Ndb5 Qxe4+ 7. Be2
Bxc3+ 8. bxc3 Kd8 9. O-O a6 10. Nd4 Nxd4 11. cxd4 d5 12. Bf3 Qe6 13. Bf4 h6 14.
Re1 Qc6 15. c4 Be6 16. Rc1 Qd7 17. cxd5 Bxd5 18. Bxc7+ Kc8 19. Bxd5 Qxd5 20.
Re8+ Kd7 21. Rxa8 Qxa2 22. Rd8+ Ke6 23. Qg4+ f5 24. Qg6+ Ke7 25. Re1+ Qe2 26.
Rxe2# 1-0

[Event "DEM U12/U12w 2004"]
[Site "Willingen GER"]
[Date "2004.05.30"]
[Round "1"]
[White "Jung, Gerhard"]
[Black "Graf, Felix"]
[Result "0-1"]
[Termination "normal"]
[Board "3"]
[WhiteElo "1386"]
[BlackElo "2056"]
[PlyCount "100"]
[WhiteFideId "24629812"]
[BlackFideId "24608904"]
[EventCountry "GER"]
[EventRounds "11"]
[EventType "swiss"]
[EventDate "2004.05.29"]

1. e4 e6 2. d4 d5 3. Nd2 Nf6 4. e5 Nfd7 5. Bd3 c5 6. c3 Nc6 7. Ne2 Qb6 8. Nf3
cxd4 9. cxd4 f6 10. exf6 Nxf6 11. O-O Bd6 12. Bf4 Bxf4 13. Nxf4 O-O 14. Qd2 Qc7
15. Rfe1 Ne4 16. Bxe4 Qxf4 17. Qxf4 Rxf4 18. Bd3 Nxd4 19. Nxd4 Rxd4 20. Rad1
Rb4 21. Re2 Rb6 22. Rde1 Bd7 23. b3 g6 24. Re3 Rd6 25. Rg3 Re8 26. Rg5 Kg7 27.
h4 Kf6 28. f4 Rc8 29. h5 Be8 30. hxg6 Bxg6 31. Bxg6 hxg6 32. Re3 Rdc6 33. Rh3
Rc1+ 34. Kh2 R1c7 35. Rh6 Rg8 36. Kh3 d4 37. Rg3 Rc3 38. Rxc3 dxc3 39. Kg4 Rc8
40. Rh1 b5 41. b4 Rc4 42. Rc1 e5 43. g3 g5 44. Kf3 exf4 45. gxf4 gxf4 46. Rc2
Kf5 47. a3 Ke5 48. Kf2 Ke4 49. Ke2 f3+ 50. Kf2 Kd3 0-1

[Event "DEM U12/U12w 2004"]
[Site "Willingen GER"]
[Date "2004.05.30"]
[Round "1"]
[White "Fischer, Thomas"]
[Black "Günnigmann, Manuel"]
[Result "1-0"]
[Termination "normal"]
[Board "4"]
[WhiteElo "2041"]
[BlackElo "1383"]
[PlyCount "65"]
[WhiteFideId "4683277"]
[BlackFideId "24640360"]
[EventCountry "GER"]
[EventRounds "11"]
[EventType "swiss"]
[EventDate "2004.05.29"]

1. Nf3 c5 2. c4 d6 3. g3 e6 4. Bg2 Nf6 5. d3 Be7 6. O-O O-O 7. Nc3 a6 8. a4 Nc6
9. e4 Qc7 10. h3 b6 11. Bf4 Bb7 12. g4 Nd7 13. Bg3 Nde5 14. Ne1 Nd4 15. f4 Nd7
16. Nc2 Nxc2 17. Qxc2 Rad8 18. Kh2 Rfe8 19. Rae1 Bf8 20. Re2 e5 21. f5 Rc8 22.
Qd2 Bc6 23. Nd5 Bxd5 24. exd5 Rb8 25. Be4 b5 26. axb5 axb5 27. b3 bxc4 28. bxc4
Rb7 29. g5 Reb8 30. g6 hxg6 31. fxg6 f6 32. Bf5 Rb2 33. Be6+ 1-0

[Event "DEM U12/U12w 2004"]
[Site "Willingen GER"]
[Date "2004.05.30"]
[Round "1"]
[White "Mertens, Pauline"]
[Black "Strunski, Andreas"]
[Result "1-0"]
[Termination "normal"]
[Board "5"]
[WhiteElo "1375"]
[BlackElo "1942"]
[PlyCount "89"]
[WhiteFideId "24671959"]
[BlackFideId "24606073"]
[EventCountry "GER"]
[EventRounds "11"]
[EventType "swiss"]
[EventDate "2004.05.29"]

1. e4 c5 2. Nf3 e6 3. d4 cxd4 4. Nxd4 Nf6 5. Nc3 d6 6. Bg5 Be7 7. f4 h6 8. Bxf6
gxf6 9. Qh5 Nc6 10. Bb5 Bd7 11. O-O-O Qb6 12. Bxc6 bxc6 13. g4 Rb8 14. b3 a5
15. h4 Qb4 16. Nde2 Qa3+ 17. Kd2 d5 18. exd5 cxd5 19. Ke1 Qc5 20. g5 fxg5 21.
hxg5 d4 22. Rxd4 Rb4 23. Rxb4 axb4 24. Nd1 Qxc2 25. gxh6 Bf6 26. h7 Bc3+ 27.
Nexc3 bxc3 28. Qe2 Qb1 29. Qe5 c2 30. Qxh8+ Ke7 31. Qd4 cxd1=Q+ 32. Qxd1 Qe4+
33. Kd2 Qd4+ 34. Kc2 Qh8 35. Qe2 Bc6 36. Rh2 f6 37. Qc4 Kd7 38. a4 Bd5 39. Qc5
Be4+ 40. Kc3 Bxh7 41. Qa7+ Kd6 42. Qxh7 Qc8+ 43. Kb2 e5 44. Rd2+ Ke6 45. f5#
1-0

[Event "DEM U12/U12w 2004"]
[Site "Willingen GER"]
[Date "2004.05.30"]
[Round "1"]
[White "Kachibadze, Georg"]
[Black "Wolff, Christoph"]
[Result "1-0"]
[Termination "normal"]
[Board "6"]
[WhiteElo "1865"]
[BlackElo "1374"]
[PlyCount "71"]
[WhiteFideId "24640794"]
[BlackFideId "24659495"]
[EventCountry "GER"]
[EventRounds "11"]
[EventType "swiss"]
[EventDate "2004.05.29"]

1. e4 c5 2. Nf3 d6 3. d4 cxd4 4. Nxd4 Nf6 5. Nc3 a6 6. Bg5 e6 7. Qf3 Be7 8.
O-O-O O-O 9. Be2 Nbd7 10. Rhe1 Ne5 11. Qg3 Qc7 12. f4 Ng6 13. Bf3 Bd7 14. e5
dxe5 15. fxe5 Ne8 16. Bxe7 Nxe7 17. Be4 Rc8 18. Qd3 Ng6 19. Nf3 Bc6 20. Bxc6
Qxc6 21. h4 b5 22. h5 Nf4 23. Qd2 Nxh5 24. Rh1 Ng3 25. Rh3 Nf5 26. Rdh1 h6 27.
g4 b4 28. Nd1 Ne7 29. Nd4 Qe4 30. Rxh6 Ng6 31. R6h3 Qxe5 32. Qd3 Nf6 33. Nf3
Qf4+ 34. Kb1 a5 35. g5 Ne4 36. Rh8+ 1-0

[Event "DEM U12/U12w 2004"]
[Site "Willingen GER"]
[Date "2004.05.30"]
[Round "1"]
[White "Dürre, Gregor"]
[Black "Schrödter, Thomas"]
[Result "1/2-1/2"]
[Termination "normal"]
[Board "7"]
[WhiteElo "1370"]
[BlackElo "1827"]
[PlyCount "49"]
[EventCountry "GER"]
[EventRounds "11"]
[EventType "swiss"]
[EventDate "2004.05.29"]

1. e4 c5 2. Nc3 Nc6 3. f4 g6 4. d3 Bg7 5. Be3 d6 6. g3 Rb8 7. a4 e6 8. Bg2 Nge7
9. Rb1 O-O 10. Nf3 a6 11. Ne2 f5 12. O-O b6 13. c3 Bb7 14. h3 Qc7 15. g4 Na5
16. b4 Nac6 17. g5 e5 18. Nd2 Kh8 19. Qc2 cxb4 20. cxb4 b5 21. a5 Rfc8 22. Rfc1
Qd7 23. Qd1 exf4 24. Bxf4 Ne5 25. Rb3 1/2-1/2

[Event "DEM U12/U12w 2004"]
[Site "Willingen GER"]
[Date "2004.05.30"]
[Round "1"]
[White "Tkachuk, Konstantyn"]
[Black "Simonow, Andrej"]
[Result "1-0"]
[Termination "normal"]
[Board "8"]
[WhiteElo "1814"]
[BlackElo "1370"]
[PlyCount "39"]
[WhiteFideId "24647330"]
[BlackFideId "24637637"]
[EventCountry "GER"]
[EventRounds "11"]
[EventType "swiss"]
[EventDate "2004.05.29"]

1. e4 e6 2. d4 d5 3. e5 c5 4. Qg4 cxd4 5. Nf3 Nc6 6. Bd3 Nge7 7. O-O Ng6 8. Re1
Bc5 9. a3 a5 10. h4 Kf8 11. h5 Nge7 12. h6 g6 13. Bg5 Qb6 14. Bf6 Qxb2 15. Nbd2
Rg8 16. Ng5 Ke8 17. Nxh7 Nf5 18. Qf4 Be7 19. g4 Nh4 20. Bxe7 1-0

[Event "DEM U12/U12w 2004"]
[Site "Willingen GER"]
[Date "2004.05.30"]
[Round "1"]
[White "Sancar, Kenan"]
[Black "Heimann, Andreas"]
[Result "0-1"]
[Termination "normal"]
[Board "9"]
[WhiteElo "1367"]
[BlackElo "1808"]
[PlyCount "42"]
[WhiteFideId "24647543"]
[BlackFideId "24624632"]
[EventCountry "GER"]
[EventRounds "11"]
[EventType "swiss"]
[EventDate "2004.05.29"]

1. e4 e5 2. Nf3 Nf6 3. Nxe5 d6 4. Nf3 Nxe4 5. d4 d5 6. Nbd2 Bf5 7. Bd3 Bd6 8.
c4 c6 9. O-O O-O 10. Re1 Re8 11. c5 Bc7 12. Bc2 Nd7 13. Nxe4 dxe4 14. Ng5 Nf6
15. f3 h6 16. Nxe4 Nxe4 17. fxe4 Qh4 18. g3 Bxg3 19. hxg3 Qxg3+ 20. Kh1 Bg4 21.
Re3 Qh4+ 0-1

[Event "DEM U12/U12w 2004"]
[Site "Willingen GER"]
[Date "2004.05.30"]
[Round "1"]
[White "Jorczik, Julian"]
[Black "Yakovenko, Oleg"]
[Result "1/2-1/2"]
[Termination "normal"]
[Board "10"]
[WhiteElo "1792"]
[BlackElo "1365"]
[PlyCount "64"]
[WhiteFideId "24611719"]
[BlackFideId "4696000"]
[EventCountry "GER"]
[EventRounds "11"]
[EventType "swiss"]
[EventDate "2004.05.29"]

1. d4 d5 2. c4 e6 3. Nc3 Nf6 4. Bg5 Be7 5. e3 O-O 6. Nf3 h6 7. Bh4 b6 8. Bd3
dxc4 9. Bxc4 Bb7 10. O-O Ne4 11. Bxe7 Qxe7 12. Ne5 Nd7 13. Nxe4 Nxe5 14. dxe5
Bxe4 15. Qd4 Bb7 16. Bb5 Qg5 17. e4 Rad8 18. Qc3 c5 19. f4 Qg6 20. Qh3 Qxe4 21.
Rae1 Qd4+ 22. Re3 Qxb2 23. Rg3 Kh7 24. Bd3+ g6 25. f5 exf5 26. Rxf5 Rxd3 27.
Rxd3 gxf5 28. Qxf5+ Kh8 29. Qf6+ Kh7 30. Qf5+ Kh8 31. Qf6+ Kh7 32. Qf5+ Kh8
1/2-1/2

[Event "DEM U12/U12w 2004"]
[Site "Willingen GER"]
[Date "2004.05.30"]
[Round "1"]
[White "Müller, Anna-Louise"]
[Black "Nuber, Blasius"]
[Result "0-1"]
[Termination "normal"]
[Board "11"]
[WhiteElo "1349"]
[BlackElo "1763"]
[PlyCount "90"]
[WhiteFideId "4633512"]
[BlackFideId "24620289"]
[EventCountry "GER"]
[EventRounds "11"]
[EventType "swiss"]
[EventDate "2004.05.29"]

1. e4 Nf6 2. e5 Nd5 3. d4 d6 4. c4 Nb6 5. exd6 cxd6 6. Nc3 Nc6 7. Nf3 Bg4 8.
Be3 g6 9. h3 Bf5 10. Be2 Bg7 11. Rc1 O-O 12. O-O d5 13. c5 Nc4 14. Bxc4 dxc4
15. d5 Nb4 16. a3 Nd3 17. Rc2 Bxc3 18. Rxc3 Qxd5 19. Qd2 Rfd8 20. Rd1 Be4 21.
Ne1 Nxb2 22. Qxd5 Rxd5 23. Rxd5 Bxd5 24. Bd4 Rc8 25. Re3 Na4 26. Rxe7 Nxc5 27.
Re5 Nd3 28. Nxd3 cxd3 29. Rxd5 d2 30. Bc5 Rxc5 31. Rxd2 Ra5 32. Rd3 b5 33. Rb3
a6 34. Kf1 Ra4 35. Ke2 Kf8 36. Kd2 Ke7 37. Kc2 Re4 38. Re3 Rxe3 39. fxe3 f5 40.
Kc3 a5 41. Kd4 Kd6 42. g4 fxg4 43. hxg4 h5 44. g5 h4 45. Ke4 b4 0-1

[Event "DEM U12/U12w 2004"]
[Site "Willingen GER"]
[Date "2004.05.30"]
[Round "1"]
[White "Hirneise, Jens"]
[Black "Hohmann, Louisa"]
[Result "1-0"]
[Termination "normal"]
[Board "12"]
[WhiteElo "1757"]
[BlackElo "1339"]
[PlyCount "67"]
[WhiteFideId "24614734"]
[EventCountry "GER"]
[EventRounds "11"]
[EventType "swiss"]
[EventDate "2004.05.29"]

1. e4 e6 2. d4 d5 3. Nd2 Nf6 4. e5 Nfd7 5. Bd3 c5 6. c3 Nc6 7. Ndf3 Be7 8. Ne2
cxd4 9. cxd4 f6 10. exf6 Nxf6 11. O-O O-O 12. Nf4 Qb6 13. Re1 Nb4 14. Ng5 Nxd3
15. Qxd3 Bb4 16. Re3 Re8 17. h4 Bd7 18. a3 Bf8 19. Nh5 Be7 20. Nxf6+ Bxf6 21.
Qxh7+ Kf8 22. Qg6 Kg8 23. Qf7+ Kh8 24. Qxd7 Bxd4 25. Rf3 Bxb2 26. Rb1 Rad8 27.
Nf7+ Kg8 28. Nxd8 Rxd8 29. Qf7+ Kh8 30. Rxb2 Qc6 31. Bg5 Rb8 32. Bf4 Rd8 33.
Rxb7 Re8 34. Qxg7# 1-0

[Event "DEM U12/U12w 2004"]
[Site "Willingen GER"]
[Date "2004.05.30"]
[Round "1"]
[White "Mazarov, Jürgen"]
[Black "Dinger, Solvejg"]
[Result "1-0"]
[Termination "normal"]
[Board "14"]
[WhiteElo "1743"]
[BlackElo "1329"]
[PlyCount "93"]
[WhiteFideId "24617768"]
[EventCountry "GER"]
[EventRounds "11"]
[EventType "swiss"]
[EventDate "2004.05.29"]

1. e4 e5 2. Nf3 Nc6 3. Bc4 Bc5 4. c3 Nf6 5. d4 exd4 6. cxd4 Bb4+ 7. Nc3 Nxe4 8.
O-O Bxc3 9. d5 Na5 10. bxc3 Nxc4 11. Qd4 Ncd6 12. Qxg7 Rf8 13. Bh6 Qe7 14. Rfe1
f5 15. Qxe7+ Kxe7 16. Bxf8+ Kxf8 17. Rac1 b6 18. Nd4 Bb7 19. c4 Re8 20. f3 Nd2
21. Rxe8+ Kxe8 22. c5 N6c4 23. c6 dxc6 24. dxc6 Bc8 25. Nb5 a6 26. Nxc7+ Kd8
27. Nd5 Be6 28. Nf6 h6 29. Re1 Bf7 30. Re2 Kc7 31. Re7+ Kxc6 32. Rxf7 b5 33.
Ng8 a5 34. Nxh6 b4 35. Nxf5 a4 36. Ra7 Nb6 37. h4 b3 38. Nd4+ Kc5 39. axb3 Nxb3
40. Rxa4 Nxd4 41. Ra5+ Kd6 42. Ra6 Kc7 43. Kf2 Kd7 44. Rxb6 Nf5 45. h5 Ke7 46.
g4 Nd6 47. Rxd6 1-0

[Event "DEM U12/U12w 2004"]
[Site "Willingen GER"]
[Date "2004.05.30"]
[Round "1"]
[White "Döring, Julia"]
[Black "Hobusch, Alexander"]
[Result "0-1"]
[Termination "normal"]
[Board "15"]
[WhiteElo "1321"]
[BlackElo "1735"]
[PlyCount "94"]
[BlackFideId "24611387"]
[EventCountry "GER"]
[EventRounds "11"]
[EventType "swiss"]
[EventDate "2004.05.29"]

1. c4 e6 2. d4 d5 3. c5 Nf6 4. Nc3 b6 5. cxb6 axb6 6. Bf4 Nh5 7. Bd2 Nf6 8. Nf3
Ba6 9. g3 Nbd7 10. Bg2 Bd6 11. O-O O-O 12. Re1 Bb7 13. Rc1 c5 14. Nb5 Be7 15.
a3 Ne4 16. Bf4 Bc6 17. Nc3 Nxc3 18. Rxc3 Bb7 19. Qd2 c4 20. Rec1 b5 21. R3c2
Qb6 22. Qd1 Bc6 23. b4 Rxa3 24. Bd2 Rfa8 25. Bc3 Qa6 26. e3 Qa4 27. Qd2 f6 28.
Bf1 Nb6 29. Be2 Qa7 30. Bb2 Rb3 31. Bc3 Na4 32. Ra1 Qb8 33. Qc1 Nxc3 34. Rxc3
Rxa1 35. Qxa1 Rxc3 36. Qxc3 Qd6 37. Bf1 Qxb4 38. Qc2 g6 39. Bh3 Kf7 40. Qc1 Bf8
41. Bf1 Qa3 42. Qb1 b4 43. Nd2 b3 44. Kg2 Bb4 45. Nf3 b2 46. Qc2 Ba4 47. Qb1
Qa1 0-1